000 00585nam a2200229Ia 4500
003 OSt
005 20220918175115.0
006 a|||||r|||| 00| 0
007 ta
008 220917b |||||||| |||| 00| 0 eng d
024 _a15,720
037 _cTextual
040 _aARTS
_cARTS
_beng
041 _2eng
_aeng
082 _aO:x, K3
100 _aCoser Lewis A.
_952932
245 0 _aSociology through literature
_b An introduction reader
260 _c1963
650 _aENGLISH LITERATURE
942 _hO:x, K3
_cTEXL
_2CC
999 _c156117
_d156117